| 000 | 01103nam a22003377a 4500 | ||
|---|---|---|---|
| 003 | CHAP | ||
| 005 | 20220329135056.0 | ||
| 008 | 971013s1971 r 00010 d | ||
| 010 | _a30533 | ||
| 011 | _a31505 | ||
| 035 | _a35617 | ||
| 040 | _cCHAP | ||
| 082 |
_a150.182 _bM3 |
||
| 100 | 0 | 0 |
_aMarascuila, Leonard A. _971241 |
| 245 | _aStatistical methods for behavioral science research | ||
| 260 |
_aNew York : _bMcGraw-Hill, _c1971 |
||
| 300 | _a578 p | ||
| 490 | _aMcGraw-Hill series in psychology | ||
| 590 |
_aBATCH-UPD _b10 _c20130110 _lUCH01 _h0241 |
||
| 590 |
_aBATCH-UPD _b10 _c20130110 _lUCH01 _h1611 |
||
| 590 |
_aBATCH-UPD _b10 _c20130409 _lUCH01 _h2308 |
||
| 590 |
_aBATCH-UPD _b10 _c20130410 _lUCH01 _h1451 |
||
| 590 |
_aBATCH-UPD _b10 _c20130914 _lUCH01 _h1638 |
||
| 590 |
_aCONVERSION _b10 _c20130109 _lUCH01 _h1317 |
||
| 650 | 1 | 4 |
_aInferencia estadística. _958062 |
| 650 | 1 | 4 |
_aPsicología _xMétodos estadísticos. _992606 |
| 830 | 0 |
_aMcGraw-Hill series in psychology _973566 |
|
| 901 | _aBK | ||
| 942 | _cLIBRO | ||
| 949 |
_a150.182 M3 _bBC _cLIBRO _d33724000231262 _eLIBRO _h33105 _i35617 _si |
||
| 999 |
_c30533 _d30533 |
||